| 000 | 01719nab a22002537a 4500 | ||
|---|---|---|---|
| 999 |
_c5607 _d5607 |
||
| 003 | OSt | ||
| 005 | 20251222105405.0 | ||
| 008 | 190429b xxu||||| |||| 00| 0 spa d | ||
| 040 | _cPJ | ||
| 100 |
_96582 _aVillalba, Gisela P. |
||
| 245 | 1 | 0 |
_aGénero, discapacidad y legítima defensa. Una lectura interseccional del proceso penal argentino desde los derechos humanos y la perspectiva de género /
_cGisela Paola Villalba. |
| 260 |
_cCiudad Autónoma de Buenos Aires : _aThomson Reuters La Ley, _b2025. |
||
| 300 | _ap. 27-39 | ||
| 500 | _aCita: AR/DOC/1623/2025. | ||
| 505 | _aSumario: I. Introducción.— II. El enfoque interseccional en el proceso penal: implicancias en casos de legítima defensa ejercida por mujeres con discapacidad.— III. Legítima defensa y violencia de género en contextos de discapacidad.— IV. El enfoque interseccional como herramienta de análisis jurídico en el proceso penal.— V. La articulación entre perspectiva de género y de discapacidad: el enfoque interseccional como herramienta jurídica.— VI. Propuestas normativas e institucionales para la incorporación estructural de la perspectiva interseccional.— VII. Consideraciones finales.— VIII. Bibliografía y normativa. | ||
| 505 | _tSi te interesa el texto completo, solicitalo a koha@justierradelfuego.gov.ar | ||
| 650 | 0 |
_9343 _aDERECHO PENAL |
|
| 650 | 0 |
_92793 _aLEGÍTIMA DEFENSA |
|
| 650 | 0 |
_93271 _aPERSONAS CON DISCAPACIDAD |
|
| 650 | 0 |
_94044 _aPERSPECTIVA DE GÉNERO |
|
| 650 | 0 |
_94885 _aDERECHOS DE LA VÍCTIMA |
|
| 773 | 0 |
_02658 _93164 _tRevista de derecho penal y criminología. Nº 7 - Agosto 2025 _dCiudad Autónoma de Buenos Aires : Thomson Reuters La Ley, 2017- _x00347914 |
|
| 942 |
_2udc _cANA |
||